LA REVOLUCION BURGUESA EN BRASIL/
BIBLIOGRAFIA: (P. 355-408)
Gorde:
| Egile nagusia: | |
|---|---|
| Formatua: | Liburua |
| Gaiak: | |
| Etiketak: |
Etiketarik gabe, Izan zaitez lehena erregistro honi etiketa jartzen!
|
MARC
| LEADER | 00000nam^a2200000^a^4500 | ||
|---|---|---|---|
| 001 | 000224135 | ||
| 005 | 20250521000000.0 | ||
| 009 | 20260310104041.041 | ||
| 020 | |a 968-23-0311-7 | ||
| 035 | |a 043251 | ||
| 037 | |a Acervo Xavier Clavigero | ||
| 082 | |a 305. 550981 |b FER | ||
| 100 | |a Fernandes, Florestan |e (autor) | ||
| 245 | 1 | 3 | |a LA REVOLUCION BURGUESA EN BRASIL/ |c FLORESTAN FERNANDES |
| 264 | |a MEXICO : |b SIGLO XXI, |c 1978 | ||
| 300 | |a 408p. 2ej. | ||
| 336 | |a texto |b txt |2 rdacontenido | ||
| 337 | |a sin mediación |b n |2 rdamedio | ||
| 338 | |a volumen |b nc |2 rdasoporte | ||
| 520 | |a BIBLIOGRAFIA: (P. 355-408) | ||
| 649 | |a XX | ||
| 650 | |a Clase Media - |z Brasil | ||
| 650 | |a Brasil - |x Condiciones Sociales y Culturales | ||
| 650 | |a Brasil - |x Condiciones Económicas | ||
| 910 | |a Fondo General | ||
| 920 | |a Impresos - Libros | ||
| 930 | |a Colección General | ||
| 905 | |a 101 | ||
| 901 | |a 043251 |b IT1 |c ACC |i 043251 |u 20250521 | ||
| 901 | |a 043250 |b IT1 |c ACC |i 043250 |u 20250521 | ||
| 902 | |a https://opac.biblio.iteso.mx/vufind/Record/000224135 | ||